Getting down to earth : An Environment handbook (Record no. 413885)

000 -LEADER
fixed length control field 00314cam a22001097a 4500
008 - FIXED-LENGTH DATA ELEMENTS--GENERAL INFORMATION
fixed length control field 180718b1972 xxu||||| |||| 00| 0 eng d
082 ## - DEWEY DECIMAL CLASSIFICATION NUMBER
Classification number X9 G335
245 ## - TITLE STATEMENT
Title Getting down to earth : An Environment handbook
Statement of responsibility, etc. BY Bank of America
260 ## - PUBLICATION, DISTRIBUTION, ETC.
Place of publication, distribution, etc. Washington
Name of publisher, distributor, etc. Bank of America
Date of publication, distribution, etc. 1972
300 ## - PHYSICAL DESCRIPTION
Extent 72p.
650 ## - SUBJECT ADDED ENTRY--TOPICAL TERM
Topical term or geographic name entry element Pollution
Holdings
Withdrawn status Lost status Damaged status Not for loan Permanent Location Current Location Date acquired Full call number Barcode Date last seen Price effective from Koha item type
        Indian Institute of Public Administration Indian Institute of Public Administration 2009-02-19 X9 G335 D1212 2018-07-21 2018-07-21 D

Powered by Koha